书目信息 |
| 题名: |
Photoshop效果图后期处理技能特训
|
|
| 作者: | 高志清 主编 ;科大工作室 编著 | |
| 分册: | ||
| 出版信息: | 北京 中国水利水电出版社 2003 |
|
| 页数: | 384页 | |
| 开本: | 26cm | |
| 丛书名: | 电脑设计技能特训丛书 | |
| 单 册: | ||
| 中图分类: | TP391.4 , TP391.4 | |
| 科图分类: | ||
| 主题词: | 计算机应用 , 建筑设计--计算机辅助设计--图形软件 | |
| 电子资源: | ||
| ISBN: | 7-5084-1517-5 | |
| 000 | 01096nam 2200301 450 | |
| 001 | 0308191791 | |
| 005 | 20051115102459.00 | |
| 010 | @a7-5084-1517-5@dCNY45.00 (含光盘) | |
| 100 | @a20030819d2003 km y0chiy0120 ea | |
| 101 | 0 | @achi |
| 102 | @aCN@b110000 | |
| 105 | @aa z 000yy | |
| 200 | 1 | @aPhotoshop效果图后期处理技能特训@APhotoshop Xiao Guo Tu Hou Qi Chu Li Ji Neng Te Xun@f高志清主编@Fgao zhi qing zhu bian@g科大工作室编著@Gke da gong zuo shi bian zhu |
| 210 | @a北京@c中国水利水电出版社@d2003 | |
| 215 | @a384页@c图@d26cm@e光盘1片 | |
| 225 | 2 | @a电脑设计技能特训丛书 |
| 307 | @a光盘 ISBN : 7-89499-248-8 | |
| 330 | @a本书以简洁、易懂的方式,向读者讲述了使用Photoshp 7.0进行室内外建筑效果图后期处理用到的各种实用技法。 | |
| 410 | 0 | @12001 @a电脑设计技能特训丛书 |
| 606 | 0 | @a计算机应用 |
| 606 | 0 | @a建筑设计@x计算机辅助设计@x图形软件 |
| 610 | 0 | @aPhotoshp 7.0 |
| 690 | @aTP391.4@v4 | |
| 690 | @aTP391.4@v3 | |
| 701 | 0 | @a高志清@Agao zhi qing@4主编 |
| 711 | 02 | @a科大工作室@AKe Da Gong Zuo Shi@4编著 |
| 801 | 0 | @aCN@bRULIN@c20051115 |
| 905 | @a10447@dTP391.4@eG210 | |
| Photoshop效果图后期处理技能特训/高志清主编/科大工作室编著.-北京:中国水利水电出版社,2003 |
| 384页:图;26cm+光盘1片.-(电脑设计技能特训丛书) |
| ISBN 7-5084-1517-5:CNY45.00 (含光盘) |
| 本书以简洁、易懂的方式,向读者讲述了使用Photoshp 7.0进行室内外建筑效果图后期处理用到的各种实用技法。 |
| ● |
| 相关链接 |
|
|
|
正题名:Photoshop效果图后期处理技能特训
索取号:TP391.4/G210
 
预约/预借
| 序号 | 登录号 | 条形码 | 馆藏地/架位号 | 状态 | 备注 |
| 1 | 576307 | 205763075 | 自科二线504/504自科库 7排4列4层/ [索取号:TP391.4/G210] | 在馆 | |
| 2 | 576308 | 205763084 | 自科库301/301自科库 65排4列3层/ [索取号:TP391.4/G210] | 在馆 | |
| 3 | 576309 | 205763093 | 自科库301/301自科库 95排1列1层/ [索取号:TP391.4/G210] | 在馆 |